| 000 | 00343nam a22001337a 4500 | ||
|---|---|---|---|
| 999 |
_c8699 _d8699 |
||
| 003 | OSt | ||
| 008 | 200706b ||||| |||| 00| 0 eng d | ||
| 100 | _aAgaarwal Nitin & Other | ||
| 245 | _aText book of Pharmacognosy & Phytochemistery vol-1 | ||
| 260 |
_aAgra _bR.Narain _c2019 |
||
| 300 | _a160 | ||
| 650 | _aPharmacognosy | ||
| 942 |
_2ddc _cBK _01 |
||